Gastritis / (Record no. 139794)

MARC details
000 -LEADER
campo de control de longitud fija 00529nam a2200169 4500
001 - NÚMERO DE CONTROL
campo de control 139794
003 - IDENTIFICADOR DE NÚMERO DE CONTROL
campo de control ES-MaACL
005 - FECHA Y HORA DE LA ÚLTIMA TRANSACCIÓN
campo de control 20230906195917.0
007 - CAMPO FIJO DE DESCRIPCIÓN FÍSICA--INFORMACIÓN GENERAL
campo de control de longitud fija t|
008 - DATOS DE LONGITUD FIJA--INFORMACIÓN GENERAL
campo de control de longitud fija 070214s1948 sp r ||||1| spa d
100 1# - ENTRADA PRINCIPAL--NOMBRE DE PERSONA
Nombre de persona Schindler, Rudolf.
9 (RLIN) 104377
245 10 - MENCIÓN DEL TÍTULO
Título Gastritis /
Mención de responsabilidad, etc. por Rudolf Schindler ; traducido del inglés por el Dr. J. Guijosa Pernús.
260 ## - PUBLICACIÓN, DISTRIBUCIÓN, ETC.
Lugar de publicación, distribución, etc. Madrid :
Nombre del editor, distribuidor, etc. Espasa-Calpe,
Fecha de publicación, distribución, etc. 1948.
300 ## - DESCRIPCIÓN FÍSICA
Extensión 494 p., II, 40 lám. ;
Dimensiones 24 cm.
700 1# - ENTRADA AGREGADA--NOMBRE PERSONAL
Nombre de persona Guijosa Pernús, Juan.
9 (RLIN) 60682
852 ## - LOCALIZACIÓN
Ubicación ES-MaACL
Número de control de estantería F-5166
Sublocalización o colección R.26831
Holdings
Estatus retirado Estado de pérdida Estado de daño No para préstamo Biblioteca de origen Biblioteca actual Ubicación en estantería Fecha de adquisición Fuente de adquisición Total de préstamos Signatura topográfica completa Código de barras Visto por última vez Precio de reemplazo Tipo de ítem Koha
        Biblioteca del Ateneo de Madrid Biblioteca del Ateneo de Madrid Depósito 2 17/01/2008     F-5166 1145475 23/02/2023 23/02/2023 Libro impreso